000
00278nam a2200121 a 4500
005
20141022142005.0
008
080922s19uu xx 00 eng d
050
_a
VCD
_b
R66 1999
245
_a
Romeo and juliet.
650
_a
VCD.
650
_a
Romeo and juliet.
942
_c
AVM
999
_c
276480
_d
276480